TERK EDİLMİŞ (Kayıt no. 959607)

MARC ayrıntıları
000 -LEADER
sabit uzunluktaki kontrol alanı 00250nam a2200097Ia 4500
001 - KONTROL NUMARASI
kontrol alanı 959607
005 - EN SON İŞLEMİN TARİH VE ZAMANI
kontrol alanı 20250826215927.0
008 - SABİT-UZUNLUKTA VERİ ÖĞELERİ--GENEL BİLGİ
sabit uzunluktaki kontrol alanı 250824s9999 xx 000 0 und d
245 #0 - ESER / YAZAR
ESER ADI TERK EDİLMİŞ
Yazar Adı CAROLİNE ADDERSON
260 ## - YAYIN, DAĞITIM, VB.
YAYIN EVİ KIRMIZI KEDİ YAYINLARI
Mevcut
Düşüm durumu Kayıp durumu Hasar Durumu Ödünç verilmez Ana kütüphane Geçerli Kütüphane Edinilen tarih Toplam ödünç verme sayısı Barkod Son görüntüleme tarihi Fiyatın geçerli olmaya başladığı tarih Koha materyal türü
        TATKÖY İLKOKULU TATKÖY İLKOKULU 24.08.2025   1036492 26.08.2025 26.08.2025 Kitaplar
Gemini Bilgi Teknolojileri A.Ş. tarafından düzenlenmiştir.